Ejecuciones fiscales (Registro nro. 827)

Detalles MARC
000 -LEADER
fixed length control field 01699 a2200229 4500
001 - CONTROL NUMBER
control field 21583
005 - DATE AND TIME OF LATEST TRANSACTION
control field 20260407155506.0
008 - FIXED-LENGTH DATA ELEMENTS--GENERAL INFORMATION
fixed length control field 260407a2010 arg spa d
003 - CONTROL NUMBER IDENTIFIER
control field AR-UNSa-BCEJYS
040 ## - CATALOGING SOURCE
Original cataloging agency AR-UNSa-BCEJYS
Language of cataloging spa
Transcribing agency AR-UNSa-BCEJYS
080 ## - UNIVERSAL DECIMAL CLASSIFICATION NUMBER
Universal Decimal Classification number 336.225
Common auxiliary subdivision Método de tributación y administración de impuestos
020 ## - INTERNATIONAL STANDARD BOOK NUMBER
International Standard Book Number 978-987-03-1725-8
100 1# - MAIN ENTRY--PERSONAL NAME
Personal name Folco, Carlos Maria
245 10 - TITLE STATEMENT
Title Ejecuciones fiscales
Name of part/section of a work vía de apremio tributario ámbito nacional, Ciudad Autónoma de Buenos Aires y provincias de Buenos Aires, Córdoba, Entre Ríos y Santa Fe
250 ## - EDITION STATEMENT
Edition statement 2a. ed.
264 #1 - PRODUCTION, PUBLICATION, DISTRIBUTION, MANUFACTURE, AND COPYRIGHT NOTICE
Place of production, publication, distribution, manufacture Buenos Aires :
Name of producer, publisher, distributor, manufacturer La Ley
Date of production, publication, distribution, manufacture, or copyright notice 2010
300 ## - PHYSICAL DESCRIPTION
Extent xxx, 544 p.
Dimensions 25 cm.
505 ## - FORMATTED CONTENTS NOTE
Formatted contents note 1. La ejecución fiscal - 2. La traba de medidas cautelares - 3. El juicio de ejecición fiscal tributario y previsional - 4. Las excepciones en el juicio de ejecución fiscal - 5. La defensa de inconstitucionalidad - 6.Ejecución de la sentencia de trance y remate - 7. Recursos - 8. Pago provisorio de impuestos vencidos y anticipos - 9. La ejecución fiscal aduanera - 10. La ejecución fiscal en la ciudad de Buenos Aires - 11. El apremio en la provincia de Buenos Aires - 12. El juicio de ejecucion fiscal en la provincia de Córdoba - 13. Ejecución fiscal en la provincia de Entre Rios - 14. Ejecución fiscal en la provincia de Santa Fe - 15. El cobro coactivo en Brasil - 16. El apremio en España - 17. El procedimiento administrativo de ejecución en México - 18. La cobranza coactiva de deudas tributarias en Perú.
590 ## - LOCAL NOTE (RLIN)
Local note niveau_biblio:m niveau_hierar:0
856 41 - ELECTRONIC LOCATION AND ACCESS
Uniform Resource Identifier <a href="https://biblioeco.unsa.edu.ar/pmb/images/libros/Ejecuciones Fiscales 2.jpg">https://biblioeco.unsa.edu.ar/pmb/images/libros/Ejecuciones Fiscales 2.jpg</a>
Link text Imagen de portada
Electronic format type image/jpeg
942 ## - ADDED ENTRY ELEMENTS (KOHA)
Koha item type
Existencias
Withdrawn status Lost status Damaged status Not for loan Home library Current library Shelving location Date acquired Total checkouts Full call number Barcode Date last seen Price effective from Koha item type
        Biblioteca Prof. Eusebio Cleto del Rey Biblioteca Prof. Eusebio Cleto del Rey   07/04/2026   P336.225 F663 L119432 07/04/2026 07/04/2026 Libro